Ηρόστρατος : η αναζήτηση της αθανασίας

Αποθηκεύτηκε σε:
Λεπτομέρειες βιβλιογραφικής εγγραφής
Κύριος συγγραφέας: Pessoa, Fernando, 1888-1935
Άλλοι συγγραφείς: Βλαβιανός, Χάρης, 1957- (Μεταφραστής, Συγγραφέας εισαγωγής κ.λπ.)
Μορφή: Βιβλίο
Γλώσσα:Greek
Portuguese
Δημοσίευση: Αθήνα : Εξάντας, c2001.
Θέματα:
Ετικέτες: Προσθήκη ετικέτας
Δεν υπάρχουν, Καταχωρήστε ετικέτα πρώτοι!

MARC

LEADER 00000nam a2200000 a 4500
001 1/125543
008 221025s2001####gr | ||| |||| ||gre||
020 |a 9602565063 
040 |a GR-MyUa  |b gre  |c GR-MyUa  |e AACR2 
041 1 |a gre  |h por 
082 7 |a 869   |2 (23) 
100 1 |a Pessoa, Fernando,   |d 1888-1935. 
245 1 0 |a Ηρόστρατος :   |b η αναζήτηση της αθανασίας /   |c Φερνάντο Πεσσόα ; εισαγωγή, μετάφραση, σημειώσεις Χάρης Βλαβιανός ; επίμετρο Richard Zenith. 
260 |a Αθήνα :   |b Εξάντας,   |c c2001. 
300 |a 196 σ. ;   |c 20 εκ. 
500 |a Τίτλος πρωτοτύπου: Herostrato e a busca da immortalidade. 
650 0 |a Creation (Literary, artistic, etc.) 
700 1 |a Βλαβιανός, Χάρης,   |d 1957-  |e trl  |e aui 
852 |a INST  |b SYROS  |e 20221024  |h 869 PES  |p 005500015595  |q 005500015595  |t BK  |y 0 
970 |a Κοντού  |b Παρασκευή  |z 25/02/2022